banner koha

Dormência vegetativa da nogueira-pecã – Uma revisão (Registro n. 333057)

MARC details
000 -LÍDER
fixed length control field 03087nab a2200301 i 4500
003 - CÓDIGO MARC DA AGÊNCIA CATALOGADORA
Campo de controle BR-BrBNA
005 - DATA E HORA DA ÚLTIMA ATUALIZAÇÃO
Campo de controle 20250714155940.0
008 - CAMPO DE TAMANHO FIXO
fixed length control field 250714b2021 bl.tr|pooa||| 00| 0 por |
040 ## - FONTE DA CATALOGAÇÃO
Agência catalogadora BR-BrBNA
Idioma da catalogação por
072 ## - CATEGORIA AGRIS
Código AGRIS F40
072 ## - CATEGORIA AGRIS
Código AGRIS F62
100 ## - ENTRADA PRINCIPAL - NOME PESSOAL
Nome pessoal Crosa, Claudia Farela Ribeiro
100 ## - ENTRADA PRINCIPAL - NOME PESSOAL
Nome pessoal Marco, Rudinei De
100 ## - ENTRADA PRINCIPAL - NOME PESSOAL
Nome pessoal Souza, Rafaela Schmidt de
100 ## - ENTRADA PRINCIPAL - NOME PESSOAL
Nome pessoal Martins, Carlos Roberto
245 ## - TÍTULO PRINCIPAL
Título principal Dormência vegetativa da nogueira-pecã – Uma revisão
500 ## - NOTA GERAL
Nota geral <br/><br/>Publicação online; 35 ref.; Summaries (En, Pt)
942 ## - ADDED ENTRY ELEMENTS (KOHA)
Koha item type Analítica
520 ## - NOTA DE RESUMO
Nota de conteúdo <br/><br/><br/>Resumo – A nogueira-pecã é uma frutífera que necessita de baixas temperaturas no período hibernal para que possa induzir e superar a dormência, restabelecendo assim um novo ciclo de desenvolvimento produtivo. Através desta revisão, o produtor poderá ter informações confiáveis da exigência climática da cultura, a fim de respaldar sua tomada de decisão sobre práticas de gestão que reduzam os danos causados por esses fenômenos e sirvam para otimizar o sistema de produção, melhorando seus lucros. Em vista disso, torna-se propício adaptar informações sobre a cultura com foco na exigência em frio hibernal necessária para a superação da dormência dos cultivares de nogueira-pecã. Pôde-se constatar a divergência entre os autores em relação à necessidade de frio para a nogueira-pecã, bem como a necessidade de mais trabalhos no que se refere aos produtos utilizados para induzir a brotação na nogueira-pecã. <br/><br/><br/>Termos para indexação: Pecan; Carya illinoinensis; Dormência; Horas de frio; Requerimento de fri
520 ## - NOTA DE RESUMO
Nota de conteúdo <br/><br/><br/>Abstract – Pecan is a fruit tree that needs low temperatures in the winter, so that it can induce and overcome dormancy, reestablishing a new cycle of productive development. Through this review, the producer will be able to have reliable information on the climatic requirement of the crop, in order to support his decision making on management practices that reduce the damage caused by these phenomena and serve to optimize the production system, improving his profits. In view of this, it becomes propitious to adapt information about the crop with a focus on the requirement for winter cold necessary to overcome the dormancy of pecan cultivars. It was possible to verify the divergence between the authors in relation to the need for cold for pecan and the need for more work about the products used to induce sprouting in pecan. <br/><br/><br/><br/>Index terms:Pecan; Carya illinoinensis; Dormancy; Cold hours; Cold requirement.
650 ## - ASSUNTO - THESAGRO
Cabeçalho tópico ou nome geográfico NOZ-PECÃ
650 ## - ASSUNTO - THESAGRO
Cabeçalho tópico ou nome geográfico CONDIÇÃO AMBIENTAL
650 ## - ASSUNTO - THESAGRO
Cabeçalho tópico ou nome geográfico TEMPERATURA
650 ## - ASSUNTO - THESAGRO
Cabeçalho tópico ou nome geográfico DORMÊNCIA
773 0# - ENTRADA ANALÍTICA
Host Biblionumber 1813
Registro do item 317204
Imprenta Florianópolis-SC Empresa de Pesquisa Agropecuária e Extensão Rural de Santa Catarina 1988-
Outro identificador 2024-3828
Título Agropecuária Catarinense (Brazil)
ISSN 0103-0779
Colação v. 34(2) p. 78-82; (2021)
Número de controle de registro BR2025003989
856 ## - ACESSO E ENDEREÇO ELETRÔNICO
Identificador uniforme de recurso - URI https://publicacoes.epagri.sc.gov.br/rac/article/view/1139/1135

Nenhum exemplar disponível.

BINAGRI

Telefone: (61)3218-2567/2388/3357/2097 - binagri@agro.gov.br

Ministério da Agricultura e Pecuária , Esplanada dos Ministérios, Bloco D, Anexo B, Brasília/DF, CEP: 70.043-900